[Event "UK Armed Services Championship"]
[Site "Wittering"]
[Date "2024.04.05"]
[Round "1.25"]
[White "Knight, Christopher J"]
[Black "Goddard, Andrew"]
[Result "1-0"]
[WhiteElo "1669"]
[BlackElo "1200"]
[PlyCount "73"]
[EventDate "2024.04.05"]
[EventType "swiss"]
[EventRounds "7"]
[EventCountry "ENG"]
[SourceTitle "BritBase"]
[Source "John Saunders"]
[SourceDate "2024.05.09"]
[SourceVersion "1"]
[SourceVersionDate "2024.04.06"]
[SourceQuality "1"]

1. e4 e5 2. Nc3 d6 3. Bc4 Nc6 4. Nf3 Nf6 5. d3 Be7 6. O-O a6 7. Be3 O-O 8. h3
b5 9. Bb3 Rb8 10. Nd5 a5 11. Nxf6+ Bxf6 12. Bd5 Bd7 13. Qd2 Re8 14. Ng5 Re7 15.
Bxc6 Bxc6 16. Qxa5 h6 17. Nf3 b4 18. c4 bxc3 19. Qxc3 Rb6 20. Bxb6 cxb6 21.
Qxc6 Rc7 22. Qxb6 Rc5 23. Qxd8+ Bxd8 24. Rfc1 Ra5 25. Rc8 f6 26. Rxd8+ Kf7 27.
Rxd6 Ra7 28. a4 Ke7 29. Rd5 g5 30. a5 Ke6 31. a6 f5 32. Rxe5+ Kf6 33. Rxf5+ Kg6
34. Ne5+ Kh5 35. g4+ Kh4 36. Kg2 Rxa6 37. Nf3# 1-0

[Event "UK Armed Services Championship"]
[Site "Wittering"]
[Date "2024.04.05"]
[Round "1.26"]
[White "Margarson, Martyn"]
[Black "Huyton, Paul M"]
[Result "0-1"]
[WhiteElo "1200"]
[BlackElo "1644"]
[PlyCount "132"]
[EventDate "2024.04.05"]
[EventType "swiss"]
[EventRounds "7"]
[EventCountry "ENG"]
[SourceTitle "BritBase"]
[Source "John Saunders"]
[SourceDate "2024.05.09"]
[SourceVersion "1"]
[SourceVersionDate "2024.04.06"]
[SourceQuality "1"]

1. e4 c6 2. Nc3 d5 3. Bd3 dxe4 4. Bxe4 Nf6 5. d3 Nxe4 6. dxe4 Qxd1+ 7. Kxd1 e5
8. f4 Bd6 9. f5 f6 10. a3 O-O 11. Nf3 Rd8 12. Ke1 b5 13. b4 Bb7 14. Be3 Bc7 15.
Bc5 Nd7 16. a4 Nxc5 17. bxc5 b4 18. Ne2 a5 19. Kf2 Ba6 20. g4 Bb8 21. Rhg1 Kf7
22. g5 Ba7 23. Ke1 Bxc5 24. g6+ hxg6 25. fxg6+ Ke6 26. Rg2 Be3 27. Rd1 Rxd1+
28. Kxd1 Rd8+ 29. Ke1 Bxe2 30. Kxe2 Bh6 31. h4 c5 32. Kf1 Rd1+ 33. Ke2 Ra1 34.
Nd2 Bxd2 35. Kxd2 Rxa4 36. h5 b3 37. Kc3 bxc2 38. Rxc2 Rxe4 39. h6 Rg4 40. Rh2
gxh6 41. Rxh6 a4 42. Kb2 c4 43. Ka3 c3 44. Rh8 Rxg6 45. Re8+ Kf5 46. Rc8 Rg3
47. Kxa4 Ke4 48. Kb4 f5 49. Rc4+ Kd5 50. Rc5+ Ke6 51. Kb3 f4 52. Rc6+ Kf5 53.
Rc5 Rd3 54. Kc2 Re3 55. Rd5 f3 56. Rd1 Kf4 57. Rf1 Kg3 58. Rg1+ Kf2 59. Rd1 Ke2
60. Rh1 f2 61. Rh2 Ke1 62. Kb3 f1=Q 63. Rc2 Kd1 64. Ka2 Kxc2 65. Ka3 Qb5 66.
Ka2 Qb2# 0-1

[Event "UK Armed Services Championship"]
[Site "Wittering"]
[Date "2024.04.05"]
[Round "1.27"]
[White "Goodman, Paul"]
[Black "Shrestha, Yubraj"]
[Result "0-1"]
[WhiteElo "1640"]
[BlackElo "1200"]
[PlyCount "88"]
[EventDate "2024.04.05"]
[EventType "swiss"]
[EventRounds "7"]
[EventCountry "ENG"]
[SourceTitle "BritBase"]
[Source "John Saunders"]
[SourceDate "2024.05.09"]
[SourceVersion "1"]
[SourceVersionDate "2024.04.06"]
[SourceQuality "1"]

1. d4 e6 2. c4 Nc6 3. Nf3 Na5 4. e3 b6 5. Bd2 Nc6 6. Nc3 Nf6 7. g3 Bb7 8. Bg2
Na5 9. b3 Bb4 10. O-O Ng4 11. a3 Be7 12. d5 h5 13. h3 Nf6 14. e4 Ba6 15. Re1
Nb7 16. e5 Nh7 17. Be3 h4 18. g4 Ng5 19. Qc1 Nxf3+ 20. Bxf3 Nc5 21. Bxc5 Bxc5
22. Qf4 g5 23. Qd2 Bb7 24. b4 Bf8 25. Rad1 Bg7 26. Qe3 O-O 27. dxe6 Bxf3 28.
Rxd7 Qe8 29. Qxg5 Qxe6 30. Re7 Qg6 31. Qf4 Qd3 32. Re3 Qd8 33. Qg5 Bc6 34. f4
Qd2 35. Re2 Qxc3 36. Qxh4 Qf3 37. Qe1 Qh1+ 38. Kf2 Qg2+ 39. Ke3 Qf3+ 40. Kd2
Rad8+ 41. Kc1 Qxa3+ 42. Rb2 Rd3 43. f5 Bf3 44. Kc2 Rfd8 0-1

[Event "UK Armed Services Championship"]
[Site "Wittering"]
[Date "2024.04.05"]
[Round "1.28"]
[White "Symonds, Joshua"]
[Black "Knipe, Matthew"]
[Result "0-1"]
[WhiteElo "1200"]
[BlackElo "1639"]
[PlyCount "78"]
[EventDate "2024.04.05"]
[EventType "swiss"]
[EventRounds "7"]
[EventCountry "ENG"]
[SourceTitle "BritBase"]
[Source "John Saunders"]
[SourceDate "2024.05.09"]
[SourceVersion "1"]
[SourceVersionDate "2024.04.06"]
[SourceQuality "1"]

1. e4 c6 2. d4 d5 3. exd5 cxd5 4. Bd3 Nc6 5. Nf3 g6 6. Bf4 Nh6 7. Nc3 a6 8. O-O
Bg7 9. Be3 O-O 10. h3 f6 11. Qd2 Nf7 12. Rfd1 e5 13. Ne2 e4 14. Bxe4 dxe4 15.
Nh2 f5 16. c3 Nd6 17. b3 Bd7 18. f3 a5 19. f4 b5 20. d5 Ne7 21. Rdc1 a4 22. Nd4
Nxd5 23. c4 Nxe3 24. Qxe3 bxc4 25. bxc4 Rc8 26. c5 Nb5 27. Rd1 Bxd4 28. Rxd4
Nxd4 29. Qxd4 Bc6 30. Qc4+ Qd5 31. Qxd5+ Bxd5 32. Rc1 Rf7 33. g4 Rfc7 34. Kf2
Rxc5 35. Rxc5 Rxc5 36. Kg3 Bxa2 37. Kh4 Bc4 38. Kg5 a3 39. Nf1 Bxf1 0-1

[Event "UK Armed Services Championship"]
[Site "Wittering"]
[Date "2024.04.05"]
[Round "1.29"]
[White "Nelder, Alan J"]
[Black "Graeme, Matthew"]
[Result "1-0"]
[WhiteElo "1628"]
[BlackElo "1165"]
[PlyCount "55"]
[EventDate "2024.04.05"]
[EventType "swiss"]
[EventRounds "7"]
[EventCountry "ENG"]
[SourceTitle "BritBase"]
[Source "John Saunders"]
[SourceDate "2024.05.09"]
[SourceVersion "1"]
[SourceVersionDate "2024.04.06"]
[SourceQuality "1"]

1. e4 d5 2. exd5 Nf6 3. Nc3 Nxd5 4. Nxd5 Qxd5 5. d4 Nc6 6. c3 Bf5 7. Nf3 h6 8.
Be2 O-O-O 9. O-O g5 10. Re1 e5 11. c4 Qe6 12. d5 Qg6 13. Qa4 Nb4 14. Qxa7 f6
15. Bd1 Nd3 16. Ba4 c6 17. dxc6 Rh7 18. Qa8+ Kc7 19. Qxb7+ Kd6 20. Qb6 Rc8 21.
Rd1 Rhc7 22. Be3 Rxc6 23. Bxc6 Rxc6 24. Qd8+ Ke6 25. Qxf8 Rxc4 26. b3 Rc2 27.
Rac1 Nxc1 28. Rd6# 1-0

[Event "UK Armed Services Championship"]
[Site "Wittering"]
[Date "2024.04.05"]
[Round "1.30"]
[White "Sanni-Woollams, Ryan"]
[Black "Woolf, Ben"]
[Result "0-1"]
[WhiteElo "1160"]
[BlackElo "1622"]
[PlyCount "74"]
[EventDate "2024.04.05"]
[EventType "swiss"]
[EventRounds "7"]
[EventCountry "ENG"]
[SourceTitle "BritBase"]
[Source "John Saunders"]
[SourceDate "2024.05.09"]
[SourceVersion "1"]
[SourceVersionDate "2024.04.06"]
[SourceQuality "1"]

1. d4 f5 2. c3 Nf6 3. e3 e6 4. Nf3 b6 5. Bc4 Bb7 6. O-O Be7 7. Nbd2 O-O 8. Ne5
Nc6 9. Ndf3 d5 10. Ng5 dxc4 11. Nxe6 Qd6 12. Nxf8 Rxf8 13. Nxc4 Qd5 14. b3 Na5
15. f3 Nxc4 16. bxc4 Qxc4 17. Bb2 Nd5 18. Qd2 Bg5 19. f4 Be7 20. Rfe1 Nf6 21.
h3 Ne4 22. Qe2 Ba6 23. Qxc4+ Bxc4 24. a4 Bh4 25. Rec1 Bf2+ 26. Kh2 Bxe3 27. Re1
Bxf4+ 28. g3 Bxg3+ 29. Kg2 Bxe1 30. Rxe1 a5 31. Rd1 Bd5 32. Kf1 Rf6 33. Rc1 Rh6
34. c4 Bxc4+ 35. Rxc4 Nd2+ 36. Kg2 Nxc4 37. d5 Nxb2 0-1

[Event "UK Armed Services Championship"]
[Site "Wittering"]
[Date "2024.04.05"]
[Round "1.31"]
[White "Rai, Silas"]
[Black "Martin-Logue, Steve"]
[Result "1-0"]
[WhiteElo "1600"]
[BlackElo "1159"]
[PlyCount "97"]
[EventDate "2024.04.05"]
[EventType "swiss"]
[EventRounds "7"]
[EventCountry "ENG"]
[SourceTitle "BritBase"]
[Source "John Saunders"]
[SourceDate "2024.05.09"]
[SourceVersion "1"]
[SourceVersionDate "2024.04.06"]
[SourceQuality "1"]

1. e4 e5 2. Nf3 Nf6 3. Nxe5 d6 4. Nf3 Nxe4 5. Qe2 Be7 6. Qxe4 O-O 7. Bd3 f5 8.
Qe2 Bf6 9. O-O Re8 10. Qd1 Nc6 11. Nc3 Nb4 12. Be2 d5 13. a3 d4 14. axb4 dxc3
15. Bc4+ Kf8 16. bxc3 f4 17. Ba3 Be7 18. Re1 Bg4 19. Re4 g5 20. Be2 Bxf3 21.
Bxf3 g4 22. Bxg4 Bd6 23. Qf3 Rxe4 24. Qxe4 Qg5 25. Qf5+ Qxf5 26. Bxf5 h5 27. b5
Ke7 28. Bxd6+ Kxd6 29. Re1 Rf8 30. Bd3 h4 31. h3 Rg8 32. Bc4 Rg7 33. f3 Rd7 34.
Re6+ Kc5 35. d3 Rd6 36. Re5+ Kb6 37. Rf5 c6 38. bxc6 Kxc6 39. Rxf4 b5 40. Ba2
a5 41. Rxh4 a4 42. Rh5 a3 43. g4 Kb6 44. g5 Rc6 45. Rh6 Kb7 46. Rxc6 Kxc6 47.
g6 Kb6 48. g7 Ka5 49. g8=Q 1-0

[Event "UK Armed Services Championship"]
[Site "Wittering"]
[Date "2024.04.05"]
[Round "1.32"]
[White "Arrowsuch, Samuel"]
[Black "Podolski, Edwin"]
[Result "0-1"]
[WhiteElo "1150"]
[BlackElo "1593"]
[PlyCount "62"]
[EventDate "2024.04.05"]
[EventType "swiss"]
[EventRounds "7"]
[EventCountry "ENG"]
[SourceTitle "BritBase"]
[Source "John Saunders"]
[SourceDate "2024.05.09"]
[SourceVersion "1"]
[SourceVersionDate "2024.04.06"]
[SourceQuality "1"]

1. e4 e6 2. d4 d5 3. e5 c5 4. c3 Nc6 5. Nf3 Qb6 6. g3 Be7 7. Bg2 f6 8. Bf4 Qxb2
9. Nbd2 Qxc3 10. exf6 Nxf6 11. Be3 c4 12. O-O O-O 13. Re1 Ba3 14. Nf1 Ne4 15.
Ng5 Nxg5 16. Bxg5 Qxd4 17. Ne3 Qxd1 18. Raxd1 h6 19. Bf4 g5 20. Nc2 Bc5 21. Be3
Bxe3 22. Nxe3 b5 23. h4 a5 24. a3 Kg7 25. hxg5 hxg5 26. Nc2 b4 27. axb4 axb4
28. Na1 Ra2 29. Rf1 g4 30. Bxd5 exd5 31. Rxd5 b3 0-1

[Event "UK Armed Services Championship"]
[Site "Wittering"]
[Date "2024.04.05"]
[Round "1.33"]
[White "Chapman, Chas"]
[Black "Ahmad, Hasan"]
[Result "1-0"]
[WhiteElo "1546"]
[BlackElo "1098"]
[PlyCount "95"]
[EventDate "2024.04.05"]
[EventType "swiss"]
[EventRounds "7"]
[EventCountry "ENG"]
[SourceTitle "BritBase"]
[Source "John Saunders"]
[SourceDate "2024.05.09"]
[SourceVersion "1"]
[SourceVersionDate "2024.04.06"]
[SourceQuality "1"]

1. e4 c5 2. Nf3 Nc6 3. d4 cxd4 4. Nxd4 g6 5. Be3 Bg7 6. c3 a6 7. Be2 d6 8. Qd2
Nf6 9. f3 Bd7 10. O-O O-O 11. Bh6 e5 12. Nxc6 bxc6 13. Bxg7 Kxg7 14. Kh1 d5 15.
exd5 cxd5 16. Re1 Qc7 17. Bd3 Be6 18. Qe2 Nd7 19. Bxa6 Rxa6 20. Qxa6 Nc5 21.
Qe2 f6 22. Nd2 Rb8 23. Nb3 Na4 24. Qa6 Nb6 25. Qb5 Nc4 26. Qc5 Qxc5 27. Nxc5
Bf7 28. b4 Nd6 29. a4 Be8 30. a5 Bb5 31. a6 Ra8 32. Ra5 Kh6 33. Nb7 Nc4 34.
Rxb5 Rxa6 35. Rxd5 Ra3 36. Nd6 Nb6 37. Rb5 Nd7 38. Rc1 Nf8 39. c4 Ne6 40. c5
Nd4 41. Rb7 Ra6 42. Rb6 Ra7 43. c6 Nb3 44. Rb1 Nd2 45. Rd1 Nb3 46. Rb7 Nd4 47.
Rxa7 Nxc6 48. Rb7 1-0

[Event "UK Armed Services Championship"]
[Site "Wittering"]
[Date "2024.04.05"]
[Round "1.34"]
[White "Mulholland, Richard"]
[Black "Lock, Benedict"]
[Result "1/2-1/2"]
[WhiteElo "1000"]
[BlackElo "1545"]
[PlyCount "99"]
[EventDate "2024.04.05"]
[EventType "swiss"]
[EventRounds "7"]
[EventCountry "ENG"]
[SourceTitle "BritBase"]
[Source "John Saunders"]
[SourceDate "2024.05.09"]
[SourceVersion "1"]
[SourceVersionDate "2024.04.06"]
[SourceQuality "1"]

1. e4 c5 2. Nf3 f6 3. Nc3 e5 4. Nd5 Ne7 5. Bc4 b6 6. c3 Bb7 7. Qb3 Nxd5 8. Bxd5
Bxd5 9. Qxd5 Na6 10. Qb7 Nc7 11. d4 Qc8 12. Qxc8+ Rxc8 13. dxe5 fxe5 14. Nxe5
Bd6 15. Bf4 Bxe5 16. Bxe5 O-O 17. O-O-O Rxf2 18. Rxd7 Ne6 19. Re7 Rc6 20. Rd1
Kf8 21. Rdd7 Rf1+ 22. Kc2 Rf2+ 23. Kb3 c4+ 24. Kb4 Rxb2+ 25. Ka3 Rb5 26. Bxg7+
Nxg7 27. Rxg7 Ra5+ 28. Kb4 Rcc5 29. Rgf7+ Ke8 30. Rxh7 Rxa2 31. Rxa7 Rb2+ 32.
Ka3 Rb3+ 33. Ka2 Ra5+ 34. Rxa5 bxa5 35. Ra7 Rb5 36. Ka3 Rb3+ 37. Ka4 Rxc3 38.
Rc7 Kd8 39. Rc5 Rc1 40. h4 Ke7 41. h5 Kd6 42. Rxa5 c3 43. Kb3 c2 44. Kb2 Rg1
45. Kxc2 Rxg2+ 46. Kd3 Ke6 47. h6 Rh2 48. Ra6+ Ke5 49. Ke3 Rh3+ 50. Kd2 1/2-1/2

[Event "UK Armed Services Championship"]
[Site "Wittering"]
[Date "2024.04.05"]
[Round "1.35"]
[White "Simpson, Jack"]
[Black "Sherpa, Angtshiring"]
[Result "1-0"]
[WhiteElo "1538"]
[BlackElo "1000"]
[PlyCount "175"]
[EventDate "2024.04.05"]
[EventType "swiss"]
[EventRounds "7"]
[EventCountry "ENG"]
[SourceTitle "BritBase"]
[Source "John Saunders"]
[SourceDate "2024.05.09"]
[SourceVersion "1"]
[SourceVersionDate "2024.04.06"]
[SourceQuality "1"]

1. e4 e5 2. d4 d5 3. dxe5 dxe4 4. Qxd8+ Kxd8 5. Nc3 Bf5 6. Bc4 Nh6 7. Bxh6 gxh6
8. Bxf7 Bc5 9. Bd5 c6 10. Bxe4 Rf8 11. O-O-O+ Kc7 12. Bxf5 Rxf5 13. Ne4 Rxe5
14. Nxc5 Rxc5 15. Nf3 Na6 16. Nd4 Re8 17. Rhe1 Rce5 18. Rxe5 Rxe5 19. c3 Nc5
20. f4 Re4 21. f5 Nd7 22. Rf1 Nf6 23. b4 b6 24. Kd2 Kd6 25. Re1 Kd5 26. Rxe4
Kxe4 27. Nxc6 a6 28. c4 Kxf5 29. a4 Ne4+ 30. Kd3 Nd6 31. Nb8 a5 32. bxa5 bxa5
33. c5 Ne8 34. Nc6 Ke6 35. Kc4 Nc7 36. Nxa5 Kd7 37. Nb7 Ne6 38. Kb5 Kc7 39. c6
Nd4+ 40. Kc5 Nxc6 41. Nd6 Na5 42. Ne8+ Kb7 43. Nf6 Nb3+ 44. Kb4 Nd2 45. Nxh7
Ka6 46. g4 Ne4 47. h4 Nf2 48. g5 hxg5 49. hxg5 Ng4 50. Nf6 Ne5 51. Nh5 Ng6 52.
Kc5 Ka5 53. Kd5 Kxa4 54. Ke6 Kb5 55. Kf5 Nh4+ 56. Kg4 Ng6 57. Nf4 Ne7 58. Kh5
Kc5 59. Kh6 Kd6 60. Ng6 Nf5+ 61. Kh7 Ke6 62. Nf8+ Kf7 63. Ng6 Ke6 64. Nf4+ Ke5
65. Nd3+ Ke6 66. g6 Kf6 67. Nc5 Ng7 68. Nd7+ Ke7 69. Kxg7 Kxd7 70. Kh8 Ke7 71.
g7 Ke6 72. g8=Q+ Ke5 73. Qg6 Kd5 74. Qg5+ Kd4 75. Qf5 Kc4 76. Qe5 Kb4 77. Qd5
Kc3 78. Kg7 Kb4 79. Kf6 Kc3 80. Ke5 Kb4 81. Ke4 Kc3 82. Qd4+ Kc2 83. Qd3+ Kc1
84. Kd4 Kb2 85. Qc3+ Kb1 86. Kd3 Ka2 87. Qb4 Ka1 88. Kc2 1-0

[Event "UK Armed Services Championship"]
[Site "Wittering"]
[Date "2024.04.05"]
[Round "1.36"]
[White "Johnson, Kimberley"]
[Black "O'Neill, Stephen G"]
[Result "0-1"]
[WhiteElo "800"]
[BlackElo "1536"]
[PlyCount "82"]
[EventDate "2024.04.05"]
[EventType "swiss"]
[EventRounds "7"]
[EventCountry "ENG"]
[SourceTitle "BritBase"]
[Source "John Saunders"]
[SourceDate "2024.05.09"]
[SourceVersion "1"]
[SourceVersionDate "2024.04.06"]
[SourceQuality "1"]

1. e4 e6 2. Bc4 d5 3. exd5 exd5 4. Bd3 g6 5. Nf3 Bg7 6. Be2 Ne7 7. d4 Nbc6 8.
Be3 O-O 9. Nbd2 Nf5 10. h4 Ncxd4 11. Bd3 Nxe3 12. fxe3 Nxf3+ 13. Qxf3 Bxb2 14.
Rb1 Bf6 15. h5 c6 16. Qf4 Bg5 17. Qe5 Qf6 18. Nf3 Qxe5 19. Nxe5 Re8 20. hxg6
fxg6 21. Bxg6 hxg6 22. Nxg6 Kg7 23. Nf4 Bxf4 24. Kf2 Rxe3 25. Rb4 Re4 26. Rb3
b6 27. g3 Bd6 28. Rh5 Bg4 29. Rh4 Rh8 30. Rxh8 Kxh8 31. Rc3 Bc5+ 32. Kg2 Re2+
33. Kf1 Rf2+ 34. Ke1 Bb4 35. Kxf2 Bxc3 36. Ke3 Bf5 37. Kf4 Bxc2 38. g4 d4 39.
g5 Kg7 40. Kg4 d3 41. a4 d2 0-1

[Event "UK Armed Services Championship"]
[Site "Wittering"]
[Date "2024.04.05"]
[Round "1.37"]
[White "Pun Magar, Bijay"]
[Black "Hutton, Michael"]
[Result "1-0"]
[WhiteElo "1532"]
[BlackElo "600"]
[PlyCount "51"]
[EventDate "2024.04.05"]
[EventType "swiss"]
[EventRounds "7"]
[EventCountry "ENG"]
[SourceTitle "BritBase"]
[Source "John Saunders"]
[SourceDate "2024.05.09"]
[SourceVersion "1"]
[SourceVersionDate "2024.04.06"]
[SourceQuality "1"]

1. d4 Nf6 2. Nf3 d6 3. c4 g6 4. Nc3 Bg7 5. e4 O-O 6. Bg5 Bg4 7. Qd2 Bxf3 8.
gxf3 Nc6 9. d5 Ne5 10. Be2 a6 11. a4 Re8 12. h4 Nfd7 13. f4 f6 14. fxe5 fxg5
15. e6 Nc5 16. Qxg5 Bxc3+ 17. bxc3 Kg7 18. Qg2 b5 19. h5 Rg8 20. hxg6 h6 21.
Qf3 Qf8 22. Qe3 Rh8 23. axb5 axb5 24. Rxa8 Qxa8 25. Qd4+ Kxg6 26. Rg1+ 1-0

[Event "UK Armed Services Championship"]
[Site "Wittering"]
[Date "2024.04.05"]
[Round "2.1"]
[White "Huyton, Paul M"]
[Black "Onley, David E"]
[Result "0-1"]
[WhiteElo "1644"]
[BlackElo "2156"]
[PlyCount "76"]
[EventDate "2024.04.05"]
[EventType "swiss"]
[EventRounds "7"]
[EventCountry "ENG"]
[SourceTitle "BritBase"]
[Source "John Saunders"]
[SourceDate "2024.05.09"]
[SourceVersion "1"]
[SourceVersionDate "2024.04.06"]
[SourceQuality "1"]

1. e4 c5 2. c3 d5 3. exd5 Qxd5 4. Nf3 Nf6 5. Na3 a6 6. Be2 e6 7. Nc4 Qd8 8. a4
b6 9. O-O Bb7 10. d4 Qc7 11. h3 Nbd7 12. Be3 Rd8 13. Qc1 Be7 14. Rd1 Nd5 15.
Bg5 f6 16. Bh4 Nf4 17. Bf1 Nxh3+ 18. Kh1 O-O 19. Bg3 Qc6 20. Qe3 Rfe8 21. Be2
Ng5 22. b3 Nf8 23. Rac1 Ne4 24. Rd3 Nxg3+ 25. fxg3 Ng6 26. Rcd1 Bf8 27. Bf1 Qc7
28. Kh2 Rd5 29. Qe1 b5 30. Ne3 Rh5+ 31. Kg1 Bd6 32. g4 Bg3 33. Qe2 Bh2+ 34. Kf2
Nf4 35. gxh5 Nxe2 36. Bxe2 Bf4 37. Nf1 c4 38. bxc4 bxc4 0-1

[Event "UK Armed Services Championship"]
[Site "Wittering"]
[Date "2024.04.05"]
[Round "2.2"]
[White "Tenin, Alex"]
[Black "Knight, Christopher J"]
[Result "1-0"]
[WhiteElo "2061"]
[BlackElo "1669"]
[PlyCount "101"]
[EventDate "2024.04.05"]
[EventType "swiss"]
[EventRounds "7"]
[EventCountry "ENG"]
[SourceTitle "BritBase"]
[Source "John Saunders"]
[SourceDate "2024.05.09"]
[SourceVersion "1"]
[SourceVersionDate "2024.04.06"]
[SourceQuality "1"]

1. e4 c5 2. Nc3 g6 3. f4 Bg7 4. Nf3 Nc6 5. Bb5 a6 6. Bxc6 dxc6 7. d3 Bg4 8. h3
Bxf3 9. Qxf3 e6 10. f5 Qh4+ 11. g3 Qf6 12. O-O Qd4+ 13. Be3 Qxe3+ 14. Qxe3 Bd4
15. Rae1 O-O-O 16. fxe6 fxe6 17. Na4 Nh6 18. Nxc5 Bxe3+ 19. Rxe3 Rde8 20. g4 b6
21. Nxa6 Kb7 22. Nb4 c5 23. g5 Ng8 24. Rf7+ Re7 25. Ref3 cxb4 26. Rf8 h6 27.
gxh6 Reh7 28. R3f7+ Rxf7 29. Rxf7+ Kc6 30. Rf8 Rxh6 31. Rxg8 Rxh3 32. Rxg6 Kd6
33. Kg2 Re3 34. Kf2 Rh3 35. d4 Rh4 36. Ke3 Rh3+ 37. Kd2 Rh2+ 38. Kd3 b3 39.
axb3 Rh3+ 40. Kc4 Rh2 41. Kc3 Rh3+ 42. Kb4 Rh2 43. c4 Rh4 44. d5 Rxe4 45. Rxe6+
Rxe6 46. dxe6 Kxe6 47. Kb5 Kd7 48. Kxb6 Kc8 49. c5 Kb8 50. c6 Ka8 51. Kc7 1-0

[Event "UK Armed Services Championship"]
[Site "Wittering"]
[Date "2024.04.05"]
[Round "2.3"]
[White "Knipe, Matthew"]
[Black "Thurlow, Kevin J"]
[Result "0-1"]
[WhiteElo "1639"]
[BlackElo "2042"]
[PlyCount "74"]
[EventDate "2024.04.05"]
[EventType "swiss"]
[EventRounds "7"]
[EventCountry "ENG"]
[SourceTitle "BritBase"]
[Source "John Saunders"]
[SourceDate "2024.05.09"]
[SourceVersion "1"]
[SourceVersionDate "2024.04.06"]
[SourceQuality "1"]

1. e4 c5 2. c3 g6 3. Nf3 Bg7 4. d4 cxd4 5. cxd4 d5 6. e5 Nc6 7. Bb5 Bd7 8. O-O
Nxe5 9. Bxd7+ Nxd7 10. Nc3 Ngf6 11. Qb3 Nb6 12. Qb5+ Qd7 13. Ne5 Qxb5 14. Nxb5
O-O 15. b3 a6 16. Nc3 e6 17. Ne2 Rfc8 18. Be3 Rc2 19. Ng3 h5 20. Nh1 Ng4 21.
Nxg4 hxg4 22. g3 Rac8 23. h3 gxh3 24. Kh2 Nd7 25. Kxh3 f5 26. f3 Kf7 27. Rf2
Rxf2 28. Nxf2 Rc2 29. f4 Ke7 30. g4 fxg4+ 31. Kxg4 Nb8 32. Kg5 Kf7 33. b4 Nc6
34. a3 Nxd4 35. Rd1 Nf5 36. Bc5 d4 37. Ng4 Rg2 0-1

[Event "UK Armed Services Championship"]
[Site "Wittering"]
[Date "2024.04.05"]
[Round "2.4"]
[White "Parker, Glen D"]
[Black "Nelder, Alan J"]
[Result "1-0"]
[WhiteElo "2039"]
[BlackElo "1628"]
[PlyCount "53"]
[EventDate "2024.04.05"]
[EventType "swiss"]
[EventRounds "7"]
[EventCountry "ENG"]
[SourceTitle "BritBase"]
[Source "John Saunders"]
[SourceDate "2024.05.09"]
[SourceVersion "1"]
[SourceVersionDate "2024.04.06"]
[SourceQuality "1"]

1. e4 d6 2. d4 Nf6 3. Bd3 g6 4. Ne2 Bg7 5. c3 Nbd7 6. f4 e5 7. O-O c6 8. Nd2
Ng4 9. Nc4 Ndf6 10. fxe5 dxe5 11. dxe5 Nxe4 12. Bxe4 Bxe5 13. Qxd8+ Kxd8 14.
Bg5+ Kc7 15. Rxf7+ Bd7 16. Nxe5 Nxe5 17. Bf4 Rhe8 18. Ng3 Rad8 19. Rxh7 Kc8 20.
Rd1 Ng4 21. Bxg6 Rf8 22. Bf5 Bxf5 23. Rc7+ Kb8 24. Rcd7+ Kc8 25. Rxd8+ Rxd8 26.
Rxd8+ Kxd8 27. Nxf5 1-0

[Event "UK Armed Services Championship"]
[Site "Wittering"]
[Date "2024.04.05"]
[Round "2.5"]
[White "Woolf, Ben"]
[Black "Tucker, David S"]
[Result "1-0"]
[WhiteElo "1622"]
[BlackElo "1949"]
[PlyCount "71"]
[EventDate "2024.04.05"]
[EventType "swiss"]
[EventRounds "7"]
[EventCountry "ENG"]
[SourceTitle "BritBase"]
[Source "John Saunders"]
[SourceDate "2024.05.09"]
[SourceVersion "1"]
[SourceVersionDate "2024.04.06"]
[SourceQuality "1"]

1. e4 c5 2. b3 Nc6 3. Bb2 d6 4. Bb5 Bd7 5. Nf3 Nf6 6. Nc3 g6 7. Bxc6 Bxc6 8.
O-O e5 9. d3 Bg7 10. Qe2 O-O 11. Nd2 b5 12. a4 a6 13. axb5 axb5 14. Rxa8 Qxa8
15. Ra1 Qb7 16. Qd1 Qb6 17. Ra2 d5 18. Qa1 d4 19. Ne2 Bb7 20. h3 Nd7 21. Ng3 h5
22. Nf3 Rb8 23. Bc1 Nf8 24. Bd2 Ne6 25. Ne2 f5 26. exf5 gxf5 27. Ng5 Nxg5 28.
Bxg5 Qg6 29. h4 Bf6 30. Ra7 Bc6 31. Qa6 Bxg5 32. hxg5 Qd6 33. Ng3 Qd5 34. f3
Qe6 35. Nxh5 Qg6 36. Nf6+ 1-0

[Event "UK Armed Services Championship"]
[Site "Wittering"]
[Date "2024.04.05"]
[Round "2.6"]
[White "Portman, Carl S"]
[Black "Rai, Silas"]
[Result "1-0"]
[WhiteElo "1913"]
[BlackElo "1600"]
[PlyCount "105"]
[EventDate "2024.04.05"]
[EventType "swiss"]
[EventRounds "7"]
[EventCountry "ENG"]
[SourceTitle "BritBase"]
[Source "John Saunders"]
[SourceDate "2024.05.09"]
[SourceVersion "1"]
[SourceVersionDate "2024.04.06"]
[SourceQuality "1"]

1. d4 e6 2. Bf4 f5 3. Nc3 Bb4 4. a3 Bxc3+ 5. bxc3 Nf6 6. f3 b6 7. Qd2 Bb7 8. e3
d6 9. Bc4 Qe7 10. Ne2 Nbd7 11. O-O h6 12. Bg3 g5 13. Qd3 O-O-O 14. Ba6 Nb8 15.
Bxb7+ Kxb7 16. a4 Nc6 17. Rfb1 d5 18. a5 Ra8 19. a6+ Kc8 20. Qb5 Qd7 21. Nc1
Nb8 22. Qb4 g4 23. Be5 Nc6 24. Qa3 Nxe5 25. dxe5 Nh7 26. f4 Nf8 27. Ne2 c5 28.
c4 Ng6 29. Rd1 Rd8 30. cxd5 exd5 31. c4 Ne7 32. Rd2 Qc6 33. Rad1 Kc7 34. Qa2
dxc4 35. Qxc4 Rxd2 36. Rxd2 Rd8 37. Rxd8 Kxd8 38. Nc3 Qd7 39. Qe2 Nc6 40. Nb5
Qd5 41. Nc3 Qd7 42. Nb5 Qd5 43. Nc3 Qe6 44. Qd3+ Ke8 45. Nd5 Kf7 46. Nc7 c4 47.
Qc3 Qd7 48. Qxc4+ Ke7 49. Nd5+ Kd8 50. Nc3 Ke7 51. Qg8 Nd8 52. Nd5+ Qxd5 53.
Qxd5 1-0

[Event "UK Armed Services Championship"]
[Site "Wittering"]
[Date "2024.04.05"]
[Round "2.7"]
[White "Podolski, Edwin"]
[Black "Bradley, William"]
[Result "1/2-1/2"]
[WhiteElo "1593"]
[BlackElo "1901"]
[PlyCount "93"]
[EventDate "2024.04.05"]
[EventType "swiss"]
[EventRounds "7"]
[EventCountry "ENG"]
[SourceTitle "BritBase"]
[Source "John Saunders"]
[SourceDate "2024.05.09"]
[SourceVersion "1"]
[SourceVersionDate "2024.04.06"]
[SourceQuality "1"]

1. e4 g6 2. d4 Bg7 3. c3 d6 4. Bd3 c5 5. f4 cxd4 6. Nf3 dxc3 7. Nxc3 Nf6 8. f5
Nc6 9. O-O Ng4 10. Qb3 Nd4 11. Bb5+ Bd7 12. Bxd7+ Qxd7 13. Qd1 Nxf3+ 14. Rxf3
Qc6 15. Qe2 Bxc3 16. Rxc3 Qb6+ 17. Be3 Nxe3 18. Rxe3 Rc8 19. Kh1 O-O 20. Rh3
Qd4 21. Rd1 Qe5 22. Qd2 Rc5 23. Rf1 Rfc8 24. fxg6 fxg6 25. Rhf3 Qxe4 26. Qh6
Rf5 27. Rxf5 gxf5 28. h3 Rf8 29. Rf3 f4 30. Qg5+ Kh8 31. Qa5 a6 32. Rf1 Rg8 33.
Qc3+ e5 34. Qd2 Qg6 35. Qd5 e4 36. Qd4+ Rg7 37. Rg1 h6 38. b3 f3 39. g4 Kh7 40.
Rc1 Re7 41. Rc8 Qg7 42. Qd5 Qa1+ 43. Kh2 Qxa2+ 44. Kg3 Qg2+ 45. Kf4 Qh2+ 46.
Ke3 Qe2+ 47. Kf4 1/2-1/2